| 000 | 01022nab a2200241 a 4500 | ||
|---|---|---|---|
| 005 | 20210219162343.0 | ||
| 008 | 991125s1985 mx 000 0 spa u | ||
| 035 | _aUPN01000202411 | ||
| 049 | _aART | ||
| 100 | 1 | _aAlvarez Carril, Elcida Lina | |
| 100 | 1 | _uelcidaalvarez53@gmail.com | |
| 222 | 0 | _aEDUCACION DE ADULTOS Y DESARROLLO | |
| 245 | 0 | 0 | _aCómo hablar con los adolescentes y cómo entenderlos si eres mujer |
| 260 | _aBonn, Alemania | ||
| 300 | _a38-40 | ||
| 362 | 0 | _a2014 Número 81 | |
| 520 | _aEn este artículo se abordan las necesidades, creencias y opiniones de las mujeres que realizan proyectos con adolescentes. Se describe la forma cómo se relacionan con este grupo etario y el tipo de formación que necesitan. Punto de partida son las mujeres gestoras comunitarias | ||
| 653 | 0 | _aMUJERES | |
| 653 | 0 | _aADOLESCENTES | |
| 653 | 0 | _aGESTORAS COMUNITARIAS | |
| 856 | 4 | _uhttp://www.iiz-dvv.de/files/dvv_international-educaci__n_de_adultos_y_desarrollo-communidades.pdf | |
| 905 | _aArticulo | ||
| 999 |
_c174512 _d174512 |
||